Letters from a life: the selected letters and diaries of Benjamin Britten, 1913-1976

Uloženo v:
Podrobná bibliografie
Hlavní autor: Mitchell, Donald (autor)
Médium: Kniha
Jazyk:angličtina
Vydáno: Londres Faber and Faber 1991
Vydání:1a. ed
Edice:Music
Témata:
Tagy: Přidat tag
Žádné tagy, Buďte první, kdo vytvoří štítek k tomuto záznamu!

MARC

LEADER 00000nam a2200000 a 4500
001 UCK2282
003 CL-VaPUC
008 041229e19910000UK |||||||||||||||||eng|d
020 |a 0571194001v.2 
020 |a 0520242599v.3 
082 0 4 |a 780.904  |b MIT  |2 21 
100 |a Mitchell, Donald  |e autor  |9 490100 
245 1 0 |a Letters from a life: the selected letters and diaries of Benjamin Britten, 1913-1976 
250 |a 1a. ed 
300 |a v 
942 |c BK 
945 |d 20041229 00:00:00  |a cmena 
260 |a Londres  |b Faber and Faber  |c 1991 
500 |a v.2: 1939-1945 
500 |a v.3: 1946-1951 
650 0 |a Música inglesa  |9 490101 
650 0 |a Compositores ingleses  |9 328882 
650 0 |a Correspondencia  |9 258963 
583 |a last modification  |c 20041229 00:00:00  |k Rodrigo Vera 
490 0 |a Music 
999 |c 311869  |d 311867 
952 |0 0  |1 0  |4 0  |6 780_904000000000000_MIT_1991  |7 0  |8 P  |9 381559  |a BIBEDU  |b BIBEDU  |d 2019-11-21  |h v.2  |i 4089979  |o 780.904 MIT 1991  |p 4089979  |r 2023-01-12  |w 2019-11-21  |y BK  |k MUS 
952 |0 0  |1 0  |4 0  |6 780_904000000000000_MIT_1991  |7 0  |8 P  |9 381560  |a BIBEDU  |b BIBEDU  |d 2019-11-21  |h v.3  |i 4101871  |o 780.904 MIT 1991  |p 4101871  |r 2023-01-12  |w 2019-11-21  |y BK  |k MUS